Heat and Mass Transfer : (Record no. 593440)
[ view plain ]
| 000 -LEADER | |
|---|---|
| fixed length control field | 00352nam a22001217a 4500 |
| 082 ## - DEWEY DECIMAL CLASSIFICATION NUMBER | |
| Classification number | 621.4022 |
| Author Mark | CEN |
| 100 ## - MAIN ENTRY--PERSONAL NAME | |
| Relator code | Cengel, Yunus A. |
| 245 ## - TITLE STATEMENT | |
| Title | Heat and Mass Transfer : |
| Remainder of title | Fundamentals & Applications / |
| Statement of responsibility, etc. | Yunus A. Cengel, Afshin J. Ghajar, |
| 250 ## - EDITION STATEMENT | |
| Edition statement | 6e |
| 260 ## - PUBLICATION, DISTRIBUTION, ETC. | |
| Place of publication, distribution, etc. | United States: |
| Name of publisher, distributor, etc. | Mc Graw Hill; |
| Date of publication, distribution, etc. | 2020. |
| 300 ## - PHYSICAL DESCRIPTION | |
| Extent | xxiv:996p. |
| 942 ## - ADDED ENTRY ELEMENTS (KOHA) | |
| Source of classification or shelving scheme | |
| Koha item type | Book |
| Withdrawn status | Lost status | Source of classification or shelving scheme | Damaged status | Not for loan | Permanent Location | Current Location | Shelving location | Date acquired | Total Checkouts | Full call number | Barcode | Date last seen | Date last checked out | Price effective from | Koha item type |
|---|---|---|---|---|---|---|---|---|---|---|---|---|---|---|---|
| School of Mechanical & Manufacturing Engineering (SMME) | School of Mechanical & Manufacturing Engineering (SMME) | Write Off | 02/27/2023 | 2 | 621.4022 CEN | SMME-3871 | 01/27/2025 | 09/09/2024 | 02/27/2023 | Book |
